000 00994nam0a2200313 4500
001 RU\NLR\BIBL_A\022785364
005 20260628205838.0
010 _a978-5-00252-629-1
_94000
035 _a(NLR Aleph) 022785364
090 _a13744632
_c13744632
100 _a20260415d2026 m y0rusy50 ca
101 0 _arus
102 _aRU
105 _aa z 000ay
181 0 _ai3
_baxxe
182 0 _an
200 1 _aФлоренций и черная жемчужина
_fЙана Бориз
203 _aТекст
_bвизуальный
_cнепосредственный
210 _aМосква
_cКлевер-Медиа-Групп, Clever
_cTrendbooks
_d2026
215 _a446, [1] c., [4] л. цв. ил.
_cил.
_d21
225 1 _aРетродетективы Йаны Бориз
333 _a18+
686 2 _aШ6(2=Р)6-4
700 1 _aБориз
_bЙ.
_gЙана
942 _cBOOK
980 _aNB